| 000 | 00577cam a22002051 4500 | ||
|---|---|---|---|
| 001 | ca 36000231 | ||
| 003 | DLC | ||
| 005 | 20260227111140.0 | ||
| 008 | 790126s1936 xx 000 0 eng | ||
| 010 | _aca 36000231 | ||
| 035 | _a(OCoLC)4586560 | ||
| 040 |
_aDLC _cOCl _dDLC |
||
| 042 | _apremarc | ||
| 050 | 0 | 0 |
_aPN6120.R4 _bB57 |
| 082 | _a812.5 | ||
| 100 | 1 | _aBowman, Annie. | |
| 245 | 1 | 0 |
_aThat home in Bethany; _ba religious play in one act, _cby Annie Bowman. |
| 260 |
_aBoston, Mass., _aLos Angeles, Cal. _b[Walter H. Baker company, _cc1936] |
||
| 300 |
_a29 p. _c19 cm. |
||
| 999 |
_c18046 _d18046 |
||